Effectif du PSG en 2021 - Statistiques

Statistiques générales
  • Ce quiz a été pris 3 294 fois
  • Le résultat moyen est 18 sur 26
Statistiques - réponses
Joueur % Correct
Keylor Navas
98%
Kylian Mbappé
95%
Neymar Jr
94%
Presnel Kimpembe
91%
Marquinhos
90%
Marco Verratti
89%
Mauro Icardi
81%
Angel Di Maria
80%
Mauricio Pochettino
75%
Sergio Rico
74%
Juan Bernat
73%
Leandro Paredes
70%
Idrissa Gueye
68%
Layvin Kurzawa
65%
Colin Dagba
62%
Alexandre Letellier
61%
Julian Draxler
59%
Abdou Diallo
58%
Ander Herrera
58%
Thilo Kehrer
58%
Danilo Pereira
51%
Moise Kean
51%
Alessandro Florenzi
43%
Mitchel Bakker
42%
Pablo Sarabia
42%
Rafinha
23%
Aucun quiz correspondant
Distribution des résultats
% des personnes avec chaque résultat
Percentile par nombre de réponses
Votre historique - résultats
Vous n’avez pas pris ce quiz